Gods, demons, and others

Αποθηκεύτηκε σε:
Λεπτομέρειες βιβλιογραφικής εγγραφής
Κύριος συγγραφέας: Narayan, R.K. 1906-2001
Άλλοι συγγραφείς: Laxman, R. K. (Εικονογράφος)
Μορφή: Βιβλίο
Γλώσσα:English
Δημοσίευση: Chicago : The University of Chicago Press, 1993
Θέματα:
Ετικέτες: Προσθήκη ετικέτας
Δεν υπάρχουν, Καταχωρήστε ετικέτα πρώτοι!

MARC

LEADER 00000nam a2200000 i 4500
001 1/82532
008 980219s1993 eng d
020 |a 0-226-56825-3 
035 |a 1998  |b 1  |c Αγορά/Τσουτσουλοπούλου  |l 10033974 
040 |a GR-MY-UA  |b gre  |e aacr 
041 0 |a eng 
082 0 |a 823 
100 1 |a Narayan, R.K.  |d 1906-2001. 
245 1 0 |a Gods, demons, and others /  |c by R.K.Narayan ; with decorations by R.K.Laxman 
260 |a Chicago :   |b The University of Chicago Press,   |c 1993 
300 |a 241 p. 
650 0 0 |a Tales  |z India  |x Adaptations. 
650 0 0 |a Mythology, Indic. 
700 1 |a Laxman, R. K.  |4 ill 
852 |a INST  |b RHODES  |e 19980219  |h 823 NAR  |p 005400011052  |q 005400011052  |t BK  |y 0 
901 |a BIBL-1998-1 
909 |a Ρ  |b 052957  |c 1998